Soccer Logos By Letter - S - Statistics

General Stats
  • This quiz has been taken 1,097 times
    373 since last reset
  • The average score is 31 of 40
Answer Stats
Picture Answer % Correct
Sevilla
96%
Sweden
94%
Spain
93%
Sporting CP
93%
Sunderland
93%
Southampton
92%
Santos
91%
Slovakia
91%
Swansea City
91%
Salzburg
90%
Scotland
90%
Schalke 04
89%
Sheffield United
89%
Slovenia
89%
Sampdoria
88%
Stoke City
88%
Sassuolo
84%
Senegal
83%
Serbia
83%
Stuttgart
83%
Seattle Sounders FC
79%
Strasbourg
78%
Sao Paulo
77%
Sheffield Wednesday
77%
Slavia Prague
77%
Switzerland
77%
Shakhtar Donetsk
76%
St. Pauli
72%
Saint-Étienne
68%
Sparta Prague
68%
Spartak Moscow
65%
Sturm Graz
64%
Servette
60%
Slovan Bratislava
60%
Shamrock Rovers
59%
Standard Liege
58%
South Korea
56%
San Jose Earthquakes
40%
San Diego FC
36%
St Mirren
32%
No matching quizzes found
Score Distribution
Percent of People with Each Score
Percentile by Number Answered
Your Score History
You have not taken this quiz since the last reset